Albums-Songs (Bruno Mars) pt.1 - Statistics

General Stats
  • This quiz has been taken 8 times
  • The average score is 17 of 23
Answer Stats
Hint Answer % Correct
1 Grenade
100%
6 Marry You
100%
Album Title Doo-Wops & Hooligans
88%
2 Just the way You Are
88%
5 The Lazy Song
88%
4 Treasure
88%
9 Count on Me
75%
3 Gorilla
75%
8 Liquor Store Blues
75%
2 Locked out of Heaven
75%
5 Moonshine
75%
7 Natalie
75%
3 Our First Time
75%
11 Somewhere in Brooklyn
75%
7 Talking to the Moon
75%
10 The Other Side
75%
6 When I Was Your Man
75%
10 If I Knew
63%
9 Money Make Her Smile
63%
8 Show Me
63%
Album Title Unorthodox Jukebox
63%
1 Young Girls
63%
4 Runway Baby
38%
No matching quizzes found
Score Distribution
Percent of People with Each Score
Percentile by Number Answered
Your Score History
You have not taken this quiz